000 01216nam a2200313 i 4500
003 OSt
005 20210404154236.0
008 210404s2019 cc a e 00| 0 chi d
020 _a9787540493691
_cRM51.50
_qpaperback
040 _aPPAK
_beng
_cPPAK
_erda
082 0 4 _223
_a158.1
090 0 0 _a158.1
_bCAI
_dG
100 1 _6880-01
_aCai, Kangyong,
_d1962-
_eauthor.
245 1 0 _6880-02
_aCai Kangyong de qing shang ke :
_b2 Yin wei zhe shi ni de ren sheng /
_cCai Kangyong zhu.
250 _aDi 1 ban
264 1 _aChangsha, China :
_bHunan Literature and Art Publishing House,
_c2019
300 _a286 pages :
_bcolour illustrations ;
_c21 cm
336 _2rdacontent
_atext
337 _2rdamedia
_aunmediated
338 _2rdacarrier
_avolume
520 _aThis book tells the way of interpersonal relationships, expressing profound truths in gentle language and humorous stories, and makes you a master of interpersonal relations with ease.
650 1 0 _aEmotional intelligence
650 2 0 _aConduct of life
650 2 0 _aLife
650 2 0 _aEmotions
880 1 _6100-01
_a蔡康永,
_e作者.
880 1 _6245-02
_a蔡康永的情商课. :
_b2, 因为这是你的人生 /
_c蔡康永
942 _2ddc
_cB
999 _c183199
_d183199